Statistics for In My Life Lyrics (Beatles)

Click here to take the quiz!

General Stats

  • This quiz has been taken 229 times
  • The average score is 17 of 20

Answer Stats

HintAnswer% Correct
There are ______ I rememberplaces
98%
Some have gone and some ______remain
96%
All my life, though some have _______changed
95%
In my life I've _____ them allloved
92%
All these places have their _______moments
88%
Some _______ not for betterforever
84%
Some are ____ and some are ______dead; living
84%
Though I know I'll never lose _________affection
84%
I know I'll often ____ and think about themstop
84%
There is no one ________ with youcompares
83%
For people and things that went ______before
83%
And these ________ lose their meaningmemories
81%
When I think of love as _________ ___something new
79%
With ______ and ______ I still can recalllovers; friends
74%
But of all these ______ and ______friends; lovers
74%
In my life I ____ ___ ____ | In my life I ____ ___ ____ (2x)love you more
72%

Score Distribution

Percentile by Number Answered

Percent of People with Each Score

Your Score History

You have not taken this quiz